Wolfgang Tillmans.

সংরক্ষণ করুন:
গ্রন্থ-পঞ্জীর বিবরন
অন্যান্য লেখক: Tillmans, Wolfgang
বিন্যাস: গ্রন্থ
ভাষা:জার্মান
প্রকাশিত: Zürich : JRP Ringier, c2008
ট্যাগগুলো: ট্যাগ যুক্ত করুন
কোনো ট্যাগ নেই, প্রথমজন হিসাবে ট্যাগ করুন!

MARC

LEADER 00000nam a22000007i 4500
001 IT\ICCU\TO0\1687257
003 ItRI
005 20260115232022.0
008 081125s2008 sz |||||| ||||| |||||c
020 |a 9783905829365 
040 |b ita  |c importazione bologna sebina 
041 7 |a ger  |2 ISO-639-2 
245 0 0 |a Wolfgang Tillmans. 
260 |a Zürich :  |b JRP Ringier,  |c c2008 
300 |a 1 v. (senza paginazione) :  |b in gran parte ill. ;  |c 31 cm 
500 |a Ripr. facs. del catalogo pubblicato in occasione della mostra tenuta a Zurigo, 1995. 
700 1 |a Tillmans, Wolfgang  |0 IT\ICCU\URBV\086155 
942 |2 ddc  |c BK  |n 0 
952 |0 0  |1 0  |4 0  |6 DOC_779_092000000000000_TIL  |7 0  |9 18965  |a BO  |b BO  |d 2026-01-15  |i 12660  |l 0  |o DOC 779.092 TIL  |p BO12660  |r 2026-01-15 23:20:22  |w 2026-01-15  |x [Sebina 7] [1 v.]  |y BK  |z 1 v. 
999 |c 16119  |d 16119